000 00295nam a2200109Ia 4500
008 240624s9999 xx 000 0 und d
041 _aeng
082 _a658.4038011 LAU
100 _aLAUDON KENNETH C
245 _aMANAGEMENT INFORMATION SYSTEMS
260 _c2008
_aNew Delhi
_bPearson Prentice Hall
999 _c13265
_d13265